Kaikki Disney animaatio elokuvat - Statistics

Yleistilastot
  • Tätä visaa on pelattu 343 kertaa
  • Keskiarvotulos 56 / 146
Vastaustilastot
Vuosi Elokuva % Oikein
1937 Lumikki ja seitsemän kääpiötä
96%
1950 Tuhkimo
93%
1959 Prinsessa ruusunen
87%
2013 Frozen - huurteinen seikkailu
84%
1991 Kaunotar ja hirviö
78%
2019 Frozen 2
77%
1955 Kaunotar ja kulkuri
73%
1998 Mulan
73%
1989 Pieni merenneito
73%
1994 Leijonakuningas
72%
1995 Toy Story - leluelämää
71%
1992 Aladdin
70%
2006 Autot
69%
1940 Pinocchio
69%
1995 Pocahontas
69%
1999 Toy Story 2
68%
2010 Toy Story 3
67%
1961 101 dalmatialaista
66%
2011 Autot 2
65%
1942 Bambi
62%
2017 Autot 3
61%
2016 Vaiana
61%
1970 Aristokatit
60%
2010 Kaksin karkuteillä
60%
2015 Inside Out - mielen sopukoissa
59%
1998 Leijonakuningas 2 - Jylhäkallion ylpeys
59%
2019 Toy Story 4
59%
2009 Prinsessa ja sammakko
57%
1941 Dumbo
55%
1951 Liisa ihmemaassa
55%
1981 Topi ja Tessu
55%
2021 Encanto
54%
1977 Nalle Puh
54%
1953 Peter pan
54%
2012 Räyhä-Ralf
54%
2004 Mulan 2
53%
1940 Fantasia
52%
2000 Pieni merenneito 2 - Atlantiksen salaisuus
51%
1999 Tarzan
51%
2002 Tuhkimo 2 - Unelmien prinsessa
51%
2012 Urhea
51%
1967 Viidakkokirja
51%
2003 Nemoa etsimässä
50%
1997 Herkules
49%
2009 Up - kohti korkeuksia
49%
2004 Leijonakuningas 3 - Hakuna Matata
47%
1973 Robin hood
47%
2002 Lilo & Stitch
45%
1996 Notre Damen kellonsoittaja
45%
2020 Soul - sielun syövereissä
45%
2004 Ihmeperhe
44%
2022 Punainen
44%
2002 Atlantis - Kadonnut kaupunki
43%
2018 Ihmeperhe 2
43%
2003 Karhuveljeni Koda
43%
2023 Toive
43%
1977 Pelastuspartio Bernard ja Bianca
42%
1963 Miekka kivessä
41%
1986 Basil hiiri - mestarietsivä
40%
2016 Doria etsimässä
40%
1998 Pocahontas 2 - matka uuteen maailmaan
40%
2016 Zootropolis - eläinten kaupunki
40%
2003 101 dalmatialaista 2 - Pikku Kikero Lontoossa
39%
2004 Lehmäjengi
38%
2007 Tuhkimo 3 - Taikansa kutakin
38%
2008 Wall-E
38%
2008 Bolt
37%
2001 Monsterit Oy
37%
2006 Bambi 2
36%
2017 Coco
36%
2021 Luca
36%
1988 Oliver ja kumppanit
36%
2000 Fantasia 2000
35%
1994 Jafarin paluu
35%
2002 Keisarin uudet kuviot
35%
2005 Pikku Kananen
35%
2002 Aarreplaneetta
34%
2013 Monsterit-yliopisto
34%
1998 Ötökän elämää
34%
2007 Rottatouille
34%
2006 Topi ja Tessu 2
34%
2003 Viidakkokirja 2
34%
2014 Big hero 6
33%
2008 Pieni merenneito 3 - Arielin tarina
33%
2021 Raya ja viimeinen lohikäärme
33%
2018 Räyhä-Ralf valloittaa internetin
32%
2005 Tarzan 2
32%
2001 Kaunotar ja Kulkuri 2 - Pepin seikkailut
31%
2005 Lilo & Stitch 2
31%
1990 Bernard ja Bianca Australiassa
30%
1985 Hiidenpata
30%
2008 Helinä-keiju
29%
1995 Hopon poppoo
29%
2006 Karhuveljeni Koda 2
29%
2002 Notre Damen kellonsoittaja 2
29%
2001 Dinosaurus
28%
2023 Elemental
28%
2020 Eteenpäin
27%
2022 Ihmeellinen maailma
27%
2007 Riemukas Robinsonin perhe
27%
2000 Tiikerin oma elokuva
27%
2005 Nalle Puh ja Möhköfantti
26%
1945 Kolme Caballeroa
25%
2022 Lightyear
25%
2013 Lentsikat
24%
1943 Oppitunti
24%
2003 Nasun suuri elokuva
23%
2005 Keisarin uudet kuviot 2 - kronkin uudet kuviot
22%
2004 Mikki, Aku, Hessu - kolme muskettisoturia
22%
1948 Säveltuokio
22%
1947 Pennitön ja suruton
21%
1990 Ankronikka: Kadonneen lampun metsästäjät
20%
2000 Hessu Hopo - rampin rämäpää
20%
1997 Kaunotar ja hirviö - Lumottu joulu
20%
1946 Iskelmäparaati
19%
2015 Kunnon dinosaurus
19%
2011 Nalle Puhin elokuva
18%
2002 Peter Pan ja paluu mikä-mikä-maahan
18%
2006 Aivan villit
16%
2012 Helinä-keiju ja siipien salaisuus
16%
1949 Herra rupikonna ja iisoppi kurkinen
16%
1996 Nalle Puh ystävää etsimässä
16%
2002 Tarzan & Jane
16%
1996 Aladdin ja varkaiden kuningas
15%
2003 Atlantis - Milon paluu
15%
2009 Helinä-keiju ja kadonnut aarre
15%
2014 Helinä-keiju ja merirosvokeiju
15%
2002 Nalle Puhin joulu
15%
2003 Stitch! Avaruuskoe 626
15%
2006 Leroy & Stitch
14%
2004 Nalle Puh - Kevät ja Ruu
14%
1993 Painajainen ennen joulua
14%
2010 Helinä-keiju ja suuri keijupelastus
13%
1998 Kaunotar ja hirviö - Bellen lumottu maailma
13%
2007 Disney prinsessat - lumoa ja taikaa
12%
2015 Helinä-keiju ja Mikä-mikä-hirviön arvoitus
12%
1996 James ja jättipersikka
12%
2014 Lentsikat 2 - pelastajat
12%
2004 Mikki Hiiri - Joulu Ankkalinnassa
12%
2001 Tehtävä - pelastakaa kesäloma
12%
2012 Frankenweenie
10%
1988 Kuka viritti ansan, Roger Rabbit?
10%
2005 Nalle Puh ja Möhköfantin halloween
10%
1987 Urhea pikku leivänpaahdin
10%
1999 Nalle Puh - yhtä juhlaa
9%
2011 Gnomeo ja Julia
7%
Ehtoja vastaavia visoja ei löytynyt
Tulosjakauma
Jokaisen tuloksen saaneiden osuus
Persentiili vastausten määrän mukaan
Tuloshistoriasi
Et ole pelannut tätä visaa